000
00308nam a2200145Ia 4500
100
_a
Dyachenko/ V.F.
942
_c
BK
654
_a
Basic
245
_a
Basic Computational mathematics
260
_b
Mir Publishers
_a
Moscow
082
_a
511.3
_b
DYA
300
_a
124
546
_a
ENGLISH
999
_c
30980
_d
30980